000
00286nam a22001337a 4500
008
170601b xxu||||| |||| 00| 0 eng d
020
_a
0394516443
041
_a
eng
080
_a
94(100)
100
_a
17
101
_a
SHH
245
_a
THE DIASPORA STORY
_c
COMAY,J
942
_2
udc
_c
BK
999
_c
15411
_d
15411